000 00418nam a2200157 i 4500
001 bg
100 1 _aPIESIAK, E.
245 0 _aTechniczny słownik francusko-polski i polsko-francuski /
_cE. Piesiak, P. Piusa, E. Szczepaniak.
260 _aCzęstochowa,
_c1981.
700 1 _aPIUSA, P.
700 1 _aSZCZEPANIAK, E.
040 _cBPK
041 _apol
942 _cKS
008 s pl f |000 0 pol
999 _c20937
_d20937
856 _uhttp://koha.tu.koszalin.pl/cgi-bin/koha/opac-detail.pl?biblionumber=20937
_yKatalog online BPK